000 00423cam a22001337a 4500
008 180718b1974 xxu||||| |||| 00| 0 eng d
082 _aJ7 SQ43
100 _aSolesbury, William
245 _aPolicy in urban planning: structure plans, programmes and local plans
_cby William Solesbury
260 _aOxford
_bPergamon
_c1974
300 _a186p.
440 _aUrban and regional planning series, v.8
650 _aCity planning
999 _c430196
_d430196